000 00262nam a2200097Ia 4500
001 1224696
005 20250827092931.0
008 250824s9999 xx 000 0 und d
245 0 _aBÜYÜKLER İNSAN OLABİLİR Mİ
_cJAMIE KELLY
260 _bALTIN KİTAP YAYINLARI
999 _c1224696
_d1224696